Bilancia peňažných vzťahov a fondov čiastková úloha ŠPEV V-1/5.1

Salvato in:
Dettagli Bibliografici
Natura: Libro
Lingua:slovacco
Pubblicazione: Bratislava Výskumný ústav finančnej a úverovej sústavy 1978
Serie:Výskumné práce VP-1/79
Tags: Aggiungi Tag
Nessun Tag, puoi essere il primo ad aggiungerne!!

MARC

LEADER 00000nam a2200000 4500
001 0215625
005 20240109104909.7
041 0 |a slo 
044 |a SK 
245 1 0 |a Bilancia peňažných vzťahov a fondov  |b čiastková úloha ŠPEV V-1/5.1 
264 1 |a Bratislava  |b Výskumný ústav finančnej a úverovej sústavy  |c 1978 
300 |a 72 s. 
490 1 |a Výskumné práce  |v VP-1/79 
830 0 |a Výskumné práce  |v VP-1/79